[Event "Rio de Janeiro Clube Guanabara 3rd"]
[Site "Rio de Janeiro"]
[Date "2016.07.23"]
[Round "3.2"]
[White "Rios Filho, Hilton Carlos da Si"]
[Black "Maia, Marco Aurelio Ferre"]
[Result "1-0"]
[WhiteElo "2179"]
[BlackElo "2075"]
[PlyCount "65"]
[EventDate "2016.07.16"]
[EventType "swiss"]
[EventRounds "6"]
[EventCountry "BRA"]
[SourceTitle "EXT 2022"]
[Source "ChessBase"]
[SourceDate "2021.10.06"]
[SourceVersion "1"]
[SourceVersionDate "2021.10.06"]
[SourceQuality "1"]

1. d4 d5 2. Nf3 Nf6 3. c4 c6 4. Qc2 g6 5. Bf4 Bg7 6. h3 0-0 7. e3 Bf5 8. Qb3 Qb6 9. Nc3 Qxb3 10. axb3 Na6 11. Ra4 Bc2 12. cxd5 cxd5 13. Bxa6 bxa6 14. Rxa6 Bxb3 15. Nd2 Bc2 16. Ke2 Nd7 17. g4 e5 18. dxe5 Bd3+ 19. Kxd3 Nc5+ 20. Ke2 Nxa6 21. Nxd5 Nc5 22. Bg5 Bxe5 23. Be7 Rfc8 24. Nc4 Bg7 25. Nd6 Bxb2 26. Nxc8 Rxc8 27. Rb1 Na4 28. Bb4 Rc4 29. Kd3 Rc1 30. Rxc1 Bxc1 31. Kc2 a5 32. Be7 Bb2 33. Kb3 1-0

[Event "Rio de Janeiro Clube Guanabara 3rd"]
[Site "Rio de Janeiro"]
[Date "2016.07.16"]
[Round "1.3"]
[White "Baeta, Marcio Netto"]
[Black "Rios Filho, Hilton Carlos da Si"]
[Result "0-1"]
[WhiteElo "1965"]
[BlackElo "2179"]
[PlyCount "50"]
[EventDate "2016.07.16"]
[EventType "swiss"]
[EventRounds "6"]
[EventCountry "BRA"]
[SourceTitle "EXT 2022"]
[Source "ChessBase"]
[SourceDate "2021.10.06"]
[SourceVersion "1"]
[SourceVersionDate "2021.10.06"]
[SourceQuality "1"]

1. d4 d5 2. c4 c6 3. cxd5 cxd5 4. Nc3 Nf6 5. Nf3 Nc6 6. Bg5 Ne4 7. Be3 Qa5 8. Qb3 e6 9. g3 Be7 10. Bg2 0-0 11. 0-0 Nxc3 12. bxc3 Qa6 13. Rfe1 Bd7 14. Ne5 Nxe5 15. dxe5 Rfc8 16. Bd4 Ba4 17. Qb2 Bc6 18. a4 Qa5 19. e4 dxe4 20. Bxe4 Bxe4 21. Rxe4 Qd5 22. Rae1 Rc4 23. a5 Bd8 24. f4 Bxa5 25. f5 Bxc3 0-1

[Event "Rio de Janeiro Salamon Memorial"]
[Site "Rio de Janeiro"]
[Date "2016.06.25"]
[Round "4.13"]
[White "Martins, Luis Carlos Ferreir"]
[Black "Rios Filho, Hilton Carlos da Si"]
[Result "1/2-1/2"]
[WhiteElo "1827"]
[BlackElo "2190"]
[PlyCount "21"]
[EventDate "2016.06.24"]
[EventType "swiss"]
[EventRounds "6"]
[EventCountry "BRA"]
[SourceTitle "EXT 2022"]
[Source "ChessBase"]
[SourceDate "2021.10.06"]
[SourceVersion "1"]
[SourceVersionDate "2021.10.06"]
[SourceQuality "1"]

1. d4 Nf6 2. Nf3 g6 3. Bf4 Bg7 4. e3 d6 5. h3 b6 6. Bb5+ c6 7. Bd3 Nbd7 8. 0-0 0-0 9. Nbd2 Re8 10. Nc4 e5 11. dxe5 1/2-1/2